| 000 | 00510cam a22001337a 4500 | ||
|---|---|---|---|
| 008 | 180718b1978 xxu||||| |||| 00| 0 eng d | ||
| 082 | _aK23x5452 T152/3 | ||
| 100 | _aTamil Nadu. Pay Commission (Third) | ||
| 245 | _aThird Tamil Nadu Pay Commission, 1978 | ||
| 260 |
_aMadras _bThe author _c1978 |
||
| 300 | _a4v. | ||
| 500 | _aContents: v.1. Parts. Pt. 1. 14+p;Pt. 2. 121+p;Pt.3. 115+p;Pt. 4. 60+p;v.2. 191+p;v.3. 3 Parts. Pt. 1. 189+p;Pt.2. 240+p; Pt. 3. 211+p;v.4. 127+p | ||
| 700 | _aSadasivam, R. (Chairman) | ||
| 999 |
_c489310 _d489310 |
||